kku e-library facility

Handbook of Dangerous Materials (Record no. 235)

MARC details
000 -LEADER
fixed length control field 00358nam a2200121 4500
005 - DATE AND TIME OF LATEST TRANSACTION
control field 20260424094815.0
008 - FIXED-LENGTH DATA ELEMENTS--GENERAL INFORMATION
fixed length control field 260424b |||||||| |||| 00| 0 eng d
100 ## - MAIN ENTRY--PERSONAL NAME
Personal name Sax N. Irving
245 ## - TITLE STATEMENT
Title Handbook of Dangerous Materials
Statement of responsibility, etc. /N. Irving Sax
260 ## - PUBLICATION, DISTRIBUTION, ETC.
Place of publication, distribution, etc. New York;
Name of publisher, distributor, etc. Reinhold Publishing Corporation;
Date of publication, distribution, etc. 1951
300 ## - PHYSICAL DESCRIPTION
Extent viii,848p.ill;
Dimensions 26cm
942 ## - ADDED ENTRY ELEMENTS (KOHA)
Source of classification or shelving scheme Library of Congress Classification
Suppress in OPAC No
Koha item type Books

No items available.

©2025 All rights reserved. KKU